Members of the Suicide Squad by Picture - Statistics

General Stats
  • This quiz has been taken 49 times
  • The average score is 13 of 21
Answer Stats
Picture Answer % Correct
Harley Quinn/Harleen Quinzel
100%
Deadshot/Floyd Lawton
97%
Killer Croc/Waylon Jones
92%
Amanda Waller
82%
Captain Boomerang/ George Harkness
79%
King Shark/Nanaue
79%
Peacemaker/Chris Smith
79%
El Diablo/ Chato Santana
76%
Enchantress/June Moone
71%
Polka-Dot Man/Abner Krill
71%
Rick Flag
68%
Katana/ Tatsu Yamashiro
66%
Ratcatcher 2/Cleo Cazo
61%
Weasel
58%
Bloodsport/Robert DuBois
53%
T.D.K./Cory Pitzner
45%
Javelin/Gunter Braun
37%
Mongal
32%
Slipknot/ Christopher Weiss
32%
Blackguard/ Richard Hertz
26%
Savant/Brian Durlin
26%
No matching quizzes found
Score Distribution
Percent of People with Each Score
Percentile by Number Answered
Your Score History
You have not taken this quiz